| 000 | 01177cam a2200337 i 4500 | ||
|---|---|---|---|
| 999 |
_c185 _d185 |
||
| 001 | 18292469 | ||
| 003 | GZU | ||
| 005 | 20200708094735.0 | ||
| 008 | 140821s2014 enk b 001 0 eng | ||
| 010 | _a 2013481932 | ||
| 020 | _a9781846044304 (hbk.) | ||
| 020 | _a9781846044328 (pbk.) | ||
| 040 |
_aDLC _beng _erda _cDLC |
||
| 042 | _apcc | ||
| 050 | 0 | 0 |
_aBF311 _b.G7135 2014 |
| 100 | 1 |
_aGreenfield, Susan, _eauthor. |
|
| 245 | 1 | 0 |
_aMind change : _bhow digital technologies are leaving their mark on our brains / _cSusan Greenfield. |
| 264 | 1 |
_aLondon : _bRider Books, _c2014. |
|
| 300 |
_axv, 368 pages ; _c24 cm |
||
| 336 |
_atext _btxt _2rdacontent |
||
| 337 |
_aunmediated _bn _2rdamedia |
||
| 338 |
_avolume _bnc _2rdacarrier |
||
| 504 | _aIncludes bibliographical references and index. | ||
| 650 | 0 | _aCognition. | |
| 650 | 0 |
_aInformation technology _xPsychological aspects. |
|
| 650 | 0 |
_aTechnological innovations _xPsychological aspects. |
|
| 650 | 0 |
_aInformation technology _xSocial aspects. |
|
| 906 |
_a7 _bcbc _corigcop _d3 _encip _f20 _gy-gencatlg |
||
| 942 |
_2lcc _cBK _h311 _iGRE _kBF _m2014 |
||